Six Degrees of Serbia Quiz Stats

 Plays Quiz not verified by Sporcle

Challenge
Share
Tweet
Embed
Score 0/91 Timer 05:00
0 Plays Today
% Correct
Montenegro
94.6%
Croatia
93.7%
Hungary
92.5%
Romania
92.2%
Macedonia
91.9%
Bosnia and Herzegovina
91.6%
Greece
91.6%
Russia
91%
Bulgaria
90.7%
Slovenia
90.4%
Germany
90.4%
Italy
90.1%
Albania
89.9%
Slovakia
89.6%
Kosovo
89.3%
Turkey
89.3%
Austria
89%
France
86.9%
Spain
86%
Ukraine
84.8%
Poland
83.9%
Czech Republic
80.6%
Moldova
80.3%
Switzerland
80.3%
Sweden
79.7%
Portugal
79.7%
Norway
79.4%
Finland
79.1%
China
78.5%
Denmark
78.2%
Belarus
76.1%
% Correct
Belgium
74%
Iraq
73.7%
Estonia
73.4%
Iran
73.1%
San Marino
72.2%
the Netherlands
71.9%
Latvia
71.6%
India
71.6%
Lithuania
71.3%
Vatican
71%
Andorra
69.9%
Syria
69.6%
Luxembourg
69.3%
Kazakhstan
69%
Armenia
67.8%
Liechtenstein
67.8%
Georgia
67.5%
Israel
67.5%
Azerbaijan
64.8%
Egypt
64.5%
Pakistan
64.2%
Saudi Arabia
62.7%
Mongolia
61.2%
North Korea
61.2%
Monaco
60.9%
Afghanistan
60.3%
Lebanon
60.3%
Turkmenistan
60.3%
Oman
59.4%
Tajikistan
58.5%
Uzbekistan
57.9%
% Correct
Jordan
57%
Kyrgyzstan
56.4%
Vietnam
55.5%
Yemen
55.5%
South Korea
54.3%
Laos
52.8%
Libya
52.8%
Kuwait
51.9%
Qatar
51.9%
United Arab Emirates
51%
Thailand
51%
Nepal
50.4%
Sudan
49%
Myanmar
47.2%
Bangladesh
46.6%
Cambodia
45.4%
Bhutan
45.1%
Palestine
43.9%
Morocco
34.9%
Brazil
29.6%
Argentina
24.5%
Suriname
23.3%
Uruguay
23.3%
Colombia
23%
Peru
22.1%
Paraguay
21.2%
Guyana
20.9%
Venezuela
20.6%
Bolivia
18.8%

You're not logged in!

Compare scores with friends on all Sporcle quizzes.
Join for Free
OR
Log In

You Might Also Like...

Show Comments

Extras

Top Quizzes Today


Score Distribution

Your Account Isn't Verified!

In order to create a playlist on Sporcle, you need to verify the email address you used during registration. Go to your Sporcle Settings to finish the process.

Report this User

Report this user for behavior that violates our Community Guidelines.

Details: